The teaching personnel in village and rural schools, 1923-24, (Record no. 20862)
[ view plain ]
| 000 -LEADER | |
|---|---|
| fixed length control field | 00843cam a22002411 4500 |
| 001 - CONTROL NUMBER | |
| control field | e 27000068 |
| 003 - CONTROL NUMBER IDENTIFIER | |
| control field | DLC |
| 005 - DATE AND TIME OF LATEST TRANSACTION | |
| control field | 20260227111217.0 |
| 008 - FIXED-LENGTH DATA ELEMENTS--GENERAL INFORMATION | |
| fixed length control field | 840905s1925 nyua 000 0 eng c |
| 010 ## - LIBRARY OF CONGRESS CONTROL NUMBER | |
| LC control number | e 27000068 |
| 035 ## - SYSTEM CONTROL NUMBER | |
| System control number | (OCoLC)11119377 |
| 040 ## - CATALOGING SOURCE | |
| Original cataloging agency | Library, U.S. Bur. of Education |
| Transcribing agency | DNIE |
| Modifying agency | DLC |
| 042 ## - AUTHENTICATION CODE | |
| Authentication code | premarc |
| 043 ## - GEOGRAPHIC AREA CODE | |
| Geographic area code | n-us-ny |
| 050 00 - LIBRARY OF CONGRESS CALL NUMBER | |
| Classification number | LB1717.N7 |
| Item number | W6 |
| 100 1# - MAIN ENTRY--PERSONAL NAME | |
| Personal name | Wiley, George M. |
| Fuller form of name | (George Martin), |
| Dates associated with a name | 1875- |
| 245 14 - TITLE STATEMENT | |
| Title | The teaching personnel in village and rural schools, 1923-24, |
| Statement of responsibility, etc. | by George M. Wiley ... |
| 260 ## - PUBLICATION, DISTRIBUTION, ETC. | |
| Place of publication, distribution, etc. | Albany, |
| Name of publisher, distributor, etc. | The University of the state of New York press, |
| Date of publication, distribution, etc. | 1925. |
| 300 ## - PHYSICAL DESCRIPTION | |
| Extent | 24 p. |
| Other physical details | tables, diagrs. |
| Dimensions | 23 cm. |
| 490 0# - SERIES STATEMENT | |
| Series statement | University of the state of New York bulletin ... |
| Volume/sequential designation | no. 823. March 1, 1925 |
| 650 #0 - SUBJECT ADDED ENTRY--TOPICAL TERM | |
| Topical term or geographic name entry element | Teachers |
| Geographic subdivision | New York (State) |
| 650 #0 - SUBJECT ADDED ENTRY--TOPICAL TERM | |
| Topical term or geographic name entry element | Rural schools |
| Geographic subdivision | New York (State) |
No items available.